• 首页
  • 本馆介绍
  • 公告通知
  • 最新文献
  • 馆藏检索
  • 电子资源
  • 读者导购
  • 参考咨询
  • 我的图书馆
  • 登录
  • 详细信息显示
  • 放入我的书架
  • 预约/预借图书
  • 作者相关作品
  • 分类相关作品
  • 丛书相关作品
  • 出版社相关作品

书目信息

  • 表格格式
  • 工作单格式
  • 卡片格式
题名:
诺贝尔文学奖获得者诗选
    
 
作者: ;诗刊社 编
分册:  
出版信息: 北京   中国文联出版公司出版  1986.4
页数: 530页
开本: 20cm
丛书名:
单 册:
中图分类: I12
科图分类:
主题词: 诗歌--作品集--世界
电子资源:
ISBN:
000 00580nam0 2200205 45
001 0312221749
005 20050328172221.3
010    @dCNY3.90
091    @a10355.255
100    @a20031222d1986 km y0chiy0120 ea
101    @achi
105    @a z 000yy
200 1  @a诺贝尔文学奖获得者诗选@ANuo Bei Er Wen Xue Jiang Huo De Zhe Shi Xuan@f诗刊社编@FShi Kan She Bian
210    @a北京@c中国文联出版公司出版@d1986.4
215    @a530页@d20cm
606 0  @a诗歌@x作品集@x世界
690    @aI12@v3
711 02 @a诗刊社@4编
801    @aCN@bTSTCL@c20031222
905    @dI12@e142@f1@b163919
    
    诺贝尔文学奖获得者诗选/诗刊社编.-北京:中国文联出版公司出版,1986.4
    530页;20cm
    
    
    ISBN :CNY3.90
    
●
相关链接 在E读中查询图书 在五车中查询图书 在当当中查询图书 在豆瓣中查询图书


正题名:诺贝尔文学奖获得者诗选     索取号:I12/142         预约/预借

序号 登录号 条形码 馆藏地/架位号 状态 备注
1 0163919   002009383   第二借阅区/ [索取号:I12/142] 在馆    
2 0163920   000087676   第二借阅区/ [索取号:I12/142] 在馆    
3 0163921   000087694   第二借阅区/ [索取号:I12/142] 在馆    
4 0163923   000087685   第一样本阅览室/ [索取号:I12/142] 在馆    
唐山师范学院图书馆 欢迎您!
大连网信软件有限公司© 版权所有